BIBLIOTHÈQUE DE LA MAISON DU MEXIQUE

Logo 1 Logo 2

Políticas públicas alternativas en México (notice nᵒ 10880)

détails MARC
000 -Sello discográfico
campo de control de longitud fija 01157nam a2200313 4500
005 - Identificación de versión
campo de control 20251118131523.0
010 ## - Número Estándar Internacional de Libros (ISBN)
Número (ISBN) 968-36-4941-6
035 ## - Otros números de control del sistema
Número de control del sistema 15598
099 ## - fechas locales
Tipo de ítem Koha LIBRO
100 ## - Datos de procesamiento general
Datos de procesamiento general 20040226d1996 m y1spay5003 ba
101 ## - Idioma del recurso
Idioma del texto, banda sonora, etc. Español; Castellano
105 ## - Campo de datos codificados: Material textual, monográfico
Datos codificados de monografía y 001zy
200 1# - Título y mención de responsabilidad
Título propio Políticas públicas alternativas en México
Designación general del material texto impreso
Primer mención de responsabilidad Coordinación Enrique de la Garza Toledo
205 ## - Declaración de edición
Declaración de edición 1a ed
210 ## - Publicación, distribución, etc.
Lugar de publicación, distribución, etc. México
Nombre del editor, distribuidor, etc. Universidad Nacional Autónoma de México, Centro de Investigaciones Interdisciplinarias en Ciencias y Humanidades
-- La Jornada Ediciones
Fecha de publicación, distribución, etc. 1996
215 ## - Descripción física
Designación de material específico y extensión del ítem 368 p
Dimensiones 21 cm
345 ## - Nota de información de adquisición
Fuente de adquisición/dirección de la suscripción [OBSOLETO] Donación de la UNAM
410 #1 - Series
Título Colección La democracia en México
606 ## - Término temático usado como materia
Elemento de entrada Administración pública
Subdivisión geográfica México
Número Koha 3784
607 ## - Nombre geográfico utilizado como tema
Elemento de entrada México
Subdivisión temática Condiciones sociales
Número Koha 111
607 ## - Nombre geográfico utilizado como tema
Elemento de entrada México
Subdivisión temática Política económica
Subdivisión cronológica 1988-1994
Número Koha 17421
607 ## - Nombre geográfico utilizado como tema
Elemento de entrada México
Subdivisión temática Política y gobierno
Subdivisión cronológica 1988-1994
Número Koha 862
660 ## - Código de área geográfica
Código MX
702 ## - Nombre personal - Responsabilidad secundaria
Elemento de entrada Garza Toledo
Parte del nombre distinta del elemento de entrada Enrique Modesto de la
Fechas 1947-
Número Koha 2110
801 #0 - Fuente de origen
País FR
Agencia cm
Reglas de catalogación (convenciones descriptivas) AFNOR
942 ## - ELEMENTOS DE ENTRADA SECUNDARIOS (KOHA)
Tipo de ítem Koha Livre
Exemplaires
Estatus retirado Estado de daño Estado de pérdida Fecha de adquisición Biblioteca de origen Biblioteca actual Ubicación en estantería Código de barras Precio de reemplazo Signatura topográfica completa No para préstamo Tipo de ítem Koha Nota pública Nota no pública
      05/08/2025 Casa México Paris Casa México Paris   004144 05/08/2025 324 U58 V.6   Livre 20200707LIV 751145101